Visualizzazione normale
Vista MARC
- D'Alatri Alessandro
di Personal Name
Records bibliografici associati: 1
001 - CONTROL NUMBER
- control field: 36671
003 - CONTROL NUMBER IDENTIFIER
- control field: IT-RoPau
005 - DATE AND TIME OF LATEST TRANSACTION
- control field: 20151125150413.0
008 - FIXED-LENGTH DATA ELEMENTS
- fixed length control field: 151125|| aca||aabn | a|a d
040 ## - CATALOGING SOURCE
- Original cataloging agency: IT-RoPau
- Transcribing agency: IT-RoPau
100 ## - HEADING--PERSONAL NAME
- Personal name: D'Alatri Alessandro
- Relator term: (soggetto)
- Miscellaneous information: Codice Soggetto SPICS: 58518
670 ## - SOURCE DATA FOUND
- Source citation: Work cat.: (IT-RoPau)104609: D'Alatri Alessandro Codice regista SPICS: 58518 36666, FEBBRE (LA) FEBBRE (LA) (Rif. Codice opera principale : H6894)